Primera parte de la Vida de Christo Señor Nuestro / (Record no. 154113)

MARC details
000 -LEADER
campo de control de longitud fija 01472nam a22003011i 4500
001 - NÚMERO DE CONTROL
campo de control 154113
003 - IDENTIFICADOR DE NÚMERO DE CONTROL
campo de control ES-MaACL
005 - FECHA Y HORA DE LA ÚLTIMA TRANSACCIÓN
campo de control 20250718063325.0
008 - DATOS DE LONGITUD FIJA--INFORMACIÓN GENERAL
campo de control de longitud fija 931025s1596 sp |||| | spa d
100 1# - ENTRADA PRINCIPAL--NOMBRE DE PERSONA
Nombre de persona Fonseca, Cristóbal de
Término indicativo de función/relación Autor
9 (RLIN) 51516
245 10 - MENCIÓN DEL TÍTULO
Título Primera parte de la Vida de Christo Señor Nuestro /
Mención de responsabilidad, etc. compuesto por el Padre Maestro Fray Christoual de Fonseca...
260 ## - PUBLICACIÓN, DISTRIBUCIÓN, ETC.
Lugar de publicación, distribución, etc. Toledo :
Nombre del editor, distribuidor, etc. por Thomas de Guzman,
Fecha de publicación, distribución, etc. 1596.
300 ## - DESCRIPCIÓN FÍSICA
Extensión [9], 383, [8] hojas ;
Dimensiones Fol. (30 cm)
500 ## - NOTA GENERAL
Nota general Hojas imp. por ambas caras
510 4# - NOTA DE CITAS O REFERENCIAS BIBLIOGRÁFICAS
Nombre de la fuente CCBE S. XVI,
Localización dentro de la fuente F, 805
530 ## - NOTA DISPONIBLE DE FORMULARIO FÍSICO ADICIONAL
Nota de formato físico adicional disponible Disponible en formato digital
596 ## - NOTA AL PIE DE IMPRENTA
NOTA AL PIE DE IMPRENTA Colofón
597 ## - NOTA DE DESCRIPCIÓN FÍSICA
NOTA DE DESCRIPCIÓN FÍSICA Sign.: [ ]1, ¶7, a1, A9, B-Z8, 2A-2Y8, 2Z10, Aaa8-Bbb6, ¶8.
597 ## - NOTA DE DESCRIPCIÓN FÍSICA
NOTA DE DESCRIPCIÓN FÍSICA Texto a dos col.
599 ## - NOTA A LAS ILUSTRACIONES
NOTA A LAS ILUSTRACIONES Port. con grab. xil. que representa la Crucifixión
600 04 - PUNTO DE ACCESO ADICIONAL DE MATERIA--NOMBRE DE PERSONA
Nombre de persona Jesucristo-
Subdivisión general Biografías.
9 (RLIN) 140032
852 4# - LOCALIZACIÓN
Ubicación ES-MaACL
Ubicación en estantería Depósito
Signatura antigua G-6375
Anotaciones manuscritas Dedicatoria autógrafa de Rafael Álvarez Sereix al Ateneo de Madrid, junio de 1885
Donativo/Legado Donativo de Rafael Álvarez Sereix
Número de control de estantería R-747
condición física Últimas h., de índice y colofón, deterioradas en los bordes
Encuadernación Pasta española
856 4# - LOCALIZACIÓN Y ACCESO ELECTRÓNICOS
Identificador Uniforme de Recursos <a href="http://hdl.handle.net/10481/10866">http://hdl.handle.net/10481/10866</a>
Texto de enlace Versión en línea
Nota pública (Ilíberis: fondo bibliográfico histórico de la Universidad de Granada)
856 4# - LOCALIZACIÓN Y ACCESO ELECTRÓNICOS
Identificador Uniforme de Recursos <a href="https://hdl.handle.net/11656/7728">https://hdl.handle.net/11656/7728</a>
Texto de enlace Versión en línea
Nota pública (Biblioteca Digital Loyola)
942 ## - ELEMENTOS DE ENTRADA SECUNDARIOS (KOHA)
Fuente del sistema de clasificación o colocación Clasificación decimal universal
Tipo de ítem Koha Libro impreso antiguo
Suprimir en OPAC No
Holdings
Estatus retirado Estado de pérdida Fuente del sistema de clasificación o colocación Estado de daño No para préstamo Colección Biblioteca de origen Biblioteca actual Ubicación en estantería Fecha de adquisición Fuente de adquisición Total de préstamos Signatura topográfica completa Código de barras Visto por última vez Fecha del último préstamo Tipo de ítem Koha Nota pública
    Clasificación decimal universal     Libros del s. XVI Biblioteca del Ateneo de Madrid Biblioteca del Ateneo de Madrid Depósito 17/01/2008 Donación 1 R-747 1161146 12/11/2024 19/07/2023 Libro impreso antiguo Dedicatoria autógrafa de Rafael Álvarez Sereix